[Event "Titled Tue 17th Oct Early"]
[Site "chess.com INT"]
[Date "2023.10.17"]
[Round "10"]
[White "Firouzja, Alireza"]
[Black "Bluebaum, M."]
[Result "1-0"]
[WhiteElo "2777"]
[BlackElo "2668"]
[PlyCount "125"]
[EventDate "2023.10.17"]

1. d4 d5 2. c4 e6 3. Nc3 Bb4 4. e3 Nf6 5. a3 Bxc3+ 6. bxc3 c6 7. Bd3 e5 ({RR} 7... O-O 8. Ne2 e5 9. dxe5 Ng4 10. cxd5 Nxe5 11. e4 f5 12. O-O Nxd3 13. Qxd3 fxe4 14. Qxe4 cxd5 15. Qd3 Bf5 16. Qg3 Nc6 17. Be3 Qe8 18. Rad1 Qf7 19. Rd2 Rad8 20. Rfd1 Rd7 21. Nd4 Bg6 22. Nxc6 {Giri,A (2780)-Gukesh,D (2718) Dusseldorf GER 2023 ½-½ (82)}) 8. a4 $146 ({RR} 8. cxd5 e4 9. Be2 cxd5 10. c4 O-O 11. cxd5 Nxd5 12. Bd2 Nc6 13. Bc4 Be6 14. Rc1 Qg5 15. g3 Rac8 16. Be2 Nce7 17. h4 Qg6 18. Nh3 Rxc1 19. Qxc1 Bg4 20. Bxg4 Qxg4 21. Qd1 Qd7 22. Ng5 f5 {Holt,C (2561)-Bluebaum,M (2618) Chess.com INT 2018 1-0 (56)}) ({RR} 8. cxd5 e4 9. Be2 cxd5 10. Nh3 O-O 11. Nf4 g5 12. Nh5 Nxh5 13. Bxh5 f5 14. Be2 Nd7 15. O-O Nf6 16. f4 h6 17. c4 Be6 18. c5 Rf7 19. Bd2 Qd7 20. Rb1 Kh8 21. fxg5 hxg5 22. Be1 Raf8 {Pashikyan,R (2308)-Olsen,W (2149) Montesilvano ITA 2026 1-0 (39)}) ({RR} 8. Ne2 e4 9. Bc2 O-O 10. O-O b6 11. f3 Ba6 12. cxd5 cxd5 13. Rf2 exf3 14. gxf3 Re8 15. Ng3 h5 16. e4 dxe4 17. fxe4 h4 18. Nf5 Bb7 19. Bg5 Bxe4 20. Nxg7 Bxc2 21. Qxc2 Qd5 22. Bxf6 Re4 {Bok,B (2590)-Bluebaum,M (2679) chess.com INT 2025 1-0 (37)}) 8... e4 9. Bc2 O-O 10. Bb3 b6 11. Ba3 Re8 12. cxd5 cxd5 13. c4 dxc4 14. Bxc4 Ba6 15. Rc1 Bxc4 16. Rxc4 b5 17. Rc5 Qa5+ 18. Kf1 a6 19. Ne2 Nbd7 20. Rc1 Nb6 21. Nf4 Qxa4 22. Qxa4 Nxa4 23. Bd6 a5 24. g4 Nxg4 25. Ke2 Ra6 26. Rhg1 Rxd6 27. Rxg4 b4 28. Rg5 b3 29. Kd2 b2 30. Rb1 Nb6 31. Kc3 Rc8+ 32. Kxb2 h6 33. Rb5 Na4+ 34. Kb3 Nc3 35. Rc1 a4+ 36. Kb2 a3+ 37. Ka1 Nxb5 38. Rxc8+ Kh7 39. Rc5 Rb6 40. Nd5 Rb7 41. h4 Nd6 42. Rc6 Nf5 43. Nc3 Nxh4 44. Nxe4 f5 45. Nc5 Rb2 46. d5 Rxf2 47. d6 Rd2 48. d7 Ng2 49. Rc8 Nxe3 50. d8=Q Nc2+ 51. Kb1 Rxd8 52. Rxd8 Ne3 53. Rd3 f4 54. Rxa3 g5 55. Kc1 g4 56. Ne6 g3 57. Nxf4 g2 58. Ne2 Nf5 59. Kd2 h5 60. Ng1 h4 61. Ke1 Kg6 62. Kf2 Kh5 63. Kxg2 1-0

[Event "AI Cup Play-In 2023"]
[Site "chess.com INT"]
[Date "2023.09.18"]
[Round "8"]
[White "Gledura, B."]
[Black "Erigaisi, Arjun"]
[Result "1-0"]
[WhiteElo "2633"]
[BlackElo "2712"]
[PlyCount "49"]
[EventDate "2023.09.18"]

1. d4 d5 2. c4 e6 3. Nc3 c6 4. e3 f5 5. Nf3 Bd6 6. Be2 Nd7 7. O-O Nh6 ({RR} 7... Qf6 8. Ne1 Qh6 9. g3 g5 10. Nf3 Be7 11. e4 dxe4 12. Ne5 Qg7 13. Bh5+ Kf8 14. Nf7 Ndf6 15. Nxh8 Nxh5 16. Qxh5 g4 17. h4 Qxh8 18. Bh6+ Nxh6 19. Qxh6+ Kg8 20. Rfd1 Qg7 21. Qf4 Bf8 22. Rab1 {LCZero 0.31-dag-e429eeb-BT3-2 (3642)-Stockfish dev-20231010-002636 (3673) tcec-chess.com INT 2023 1-0 (71)}) ({RR} 7... Ngf6 8. Ng5 Qe7 9. f4 O-O 10. Bd2 b6 11. Rc1 Bb7 12. cxd5 exd5 13. Nf3 Rac8 14. Ne5 c5 15. Bf3 Ne4 16. Be1 Kh8 17. Kh1 c4 18. Qa4 Nxe5 19. fxe5 Bb8 20. Qd1 Qe6 21. Bh4 Bc6 22. Bxe4 {Ojeda,J (2086)-Harshavardhan,G (2493) chess.com INT 2026 0-1 (42)}) 8. b3 Nf7 $146 ({RR} 8... O-O 9. Bb2 Qf6 10. Qd2 g5 11. Nd1 g4 12. Ne1 Nf7 13. Nd3 Ng5 14. Nf4 h5 15. f3 Qh6 16. Qe1 Nf6 17. Qh4 Be7 18. a4 Rf7 19. Ba3 Bd8 20. Kh1 Rg7 21. Bd6 Nf7 22. Be5 Rh7 23. Qf2 {Girshgorn,M (1823)-Alekseeva,I (2116) Moscow 2017 0-1 (38)}) 9. a4 g5 10. Ba3 g4 11. Ne1 Bc7 12. Nd3 Ng5 13. Nf4 Nf6 14. b4 h5 15. b5 h4 16. Rc1 g3 17. h3 gxf2+ 18. Rxf2 Kf7 19. bxc6 bxc6 20. cxd5 exd5 21. Qc2 Qg8 22. Ncxd5 Nxd5 23. Nxd5 Nxh3+ 24. Kf1 Nxf2 25. Qxc6 1-0

[Event "Titled Tue 19th Sep Early"]
[Site "chess.com INT"]
[Date "2023.09.19"]
[Round "10"]
[White "Sarana, A."]
[Black "Svane, R."]
[Result "1-0"]
[WhiteElo "2693"]
[BlackElo "2641"]
[PlyCount "111"]
[EventDate "2023.09.19"]

1. d4 d5 2. c4 e6 3. Nc3 h6 4. Nf3 Nf6 5. Bf4 Bd6 6. Qc1 ({RR} 6. Bg3 O-O 7. e3 Bxg3 8. hxg3 Nbd7 9. Rh4 Qe7 10. g4 Ne4 11. Qc2 Nxc3 12. bxc3 e5 13. Rh1 e4 14. Nd2 c6 15. Be2 Nf6 16. g5 hxg5 17. O-O-O g6 18. Rh2 Kg7 19. Rdh1 Be6 20. Kb1 Qc7 {Bluebaum,M (2660)-Caruana,F (2835) chess24.com INT 2020 0-1 (39)}) 6... O-O ({RR} 6... b6 7. cxd5 exd5 8. Bxd6 Qxd6 9. e3 c6 10. Bd3 Nbd7 11. O-O Bb7 12. Qc2 O-O 13. Rfd1 Rfe8 14. Rac1 Rac8 15. Qa4 a5 16. a3 Ne4 17. Qc2 Nxc3 18. Qxc3 Rc7 19. b4 axb4 20. axb4 Rcc8 21. Bf5 {Sarana,A (2658)-Idani,P (2602) chess.com INT 2026 1-0 (46)}) 7. g4 Ne4 8. Rg1 ({RR} 8. h4 Bxf4 9. Qxf4 Nxc3 10. bxc3 c5 11. Bg2 cxd4 12. cxd4 Nc6 13. g5 Qa5+ 14. Kf1 h5 15. c5 b6 16. cxb6 Qxb6 17. Bh3 Qb8 18. Qxb8 Rxb8 19. Kg2 g6 20. Rhc1 Rb6 21. Rc5 Ba6 22. Rac1 Bc4 {Aswath,S (2517)-Krstic,D (2163) Belgrade SRB 2026 1-0}) 8... c6 $146 ({RR} 8... Nc6 9. c5 Bxf4 10. Qxf4 Qf6 11. Qxf6 gxf6 12. e3 Nxc3 13. bxc3 b6 14. Bb5 Bd7 15. h4 Kg7 16. g5 bxc5 17. dxc5 Rfb8 18. Bxc6 Bxc6 19. Nd4 Ba4 20. Ke2 Rb2+ 21. Kf3 hxg5 22. hxg5 Rh8 23. Rab1 {Drygalov,S (2547)-Nihal,S (2692) chess.com INT 2023 ½-½ (33)}) 9. g5 h5 10. Ne5 c5 11. Nxe4 dxe4 12. dxc5 Bxc5 13. Qc3 Bd4 14. Qd2 Qb6 15. e3 Bxb2 16. c5 Bxe5 17. cxb6 Bxa1 18. g6 Nc6 19. gxf7+ Rxf7 20. Bc4 axb6 21. Qd6 Ra5 22. Bxe6 Bxe6 23. Qxe6 Be5 24. Rg5 Bxf4 25. Rxa5 bxa5 26. exf4 Nd4 27. Qe8+ Rf8 28. Qxe4 Nf5 29. Qxb7 Rf6 30. Qd5+ Kh7 31. Qxa5 Nh6 32. Qxh5 Rxf4 33. Qd5 Rf5 34. Qd3 Kg8 35. a4 Re5+ 36. Kf1 Ra5 37. Qc4+ Kh7 38. Qb4 Rd5 39. Qe4+ Rf5 40. a5 Kg8 41. a6 Ra5 42. Qa8+ Kh7 43. a7 Ng4 44. Qe4+ Kh6 45. a8=Q Rxa8 46. Qxa8 Nf6 47. Qf3 Kg6 48. h3 Kh7 49. Qf5+ Kh6 50. Kg2 Nh5 51. Kf3 g6 52. Qf8+ Kg5 53. h4+ Kxh4 54. Qe7+ g5 55. Qe6 g4+ 56. Qxg4# 1-0

[Event "chess.com SpeedChess 2023"]
[Site "chess.com INT"]
[Date "2023.09.15"]
[Round "2.22"]
[White "Vachier Lagrave, M."]
[Black "Nihal, Sarin"]
[Result "1-0"]
[WhiteElo "2727"]
[BlackElo "2694"]
[PlyCount "47"]
[EventDate "2023.09.04"]

1. d4 d5 2. c4 e6 3. Nc3 h6 4. cxd5 exd5 5. Bf4 c6 6. e3 Bf5 ({RR} 6... Bd6 7. Qf3 Nf6 8. Bd3 O-O 9. h3 Re8 10. Nge2 a5 11. g4 Bxf4 12. Qxf4 Na6 13. Rg1 Nc7 14. h4 Ne6 15. Qg3 c5 16. O-O-O cxd4 17. exd4 b5 18. g5 b4 19. gxf6 bxc3 20. Nxc3 Qxf6 21. Nxd5 {Caruana,F (2792)-Nihal,S (2723) Hong Kong HKG 2026 1-0 (33)}) 7. Bd3 Bxd3 8. Qxd3 Bd6 9. Nf3 $146 ({RR} 9. Nge2 Ne7 10. Bxd6 Qxd6 11. Ng3 Na6 12. a3 Nc7 13. Rd1 O-O 14. Nf5 Nxf5 15. Qxf5 Qe7 16. O-O Rad8 17. Na4 Nb5 18. Nc5 Nd6 19. Qe5 Qh4 20. Qg3 Qf6 21. Rc1 Rfe8 22. b3 Qe7 23. Qf3 g6 {Jubin,J (2453)-Karthikeyan,M (2625) Tashkent UZB 2024 0-1 (55)}) ({RR} 9. Nge2 Nf6 10. O-O O-O 11. a3 Bxf4 12. Nxf4 Nbd7 13. b4 b5 14. a4 a6 15. a5 Qe7 16. Rab1 Ne8 17. e4 dxe4 18. Qxe4 Qxe4 19. Nxe4 Ndf6 20. f3 Rd8 21. Rfc1 Nxe4 22. fxe4 Rxd4 23. Rxc6 Rxe4 {Yu Yangyi (2714)-Karthikeyan,M (2661) Hong Kong HKG 2026 1-0 (57)}) 9... Nf6 10. Be5 O-O 11. O-O-O Qe7 12. Rhg1 Nbd7 13. Bxd6 Qxd6 14. g4 Rfe8 15. g5 Ne4 16. gxh6 Qxh6 17. Rg2 Nb6 18. Rdg1 Nxf2 19. Rxg7+ Kf8 20. Qf5 Qxe3+ 21. Kc2 Qe6 22. Qg5 f6 23. Qh6 Qf5+ 24. Kb3 1-0

[Event "Titled Tue 12th Sep Early"]
[Site "chess.com INT"]
[Date "2023.09.12"]
[Round "8"]
[White "Bok, B."]
[Black "Andreikin, D."]
[Result "1-0"]
[WhiteElo "2621"]
[BlackElo "2729"]
[PlyCount "135"]
[EventDate "2023.09.12"]

1. d4 d5 2. c4 e6 3. Nc3 Be7 4. Nf3 Nf6 5. g3 O-O 6. Bg2 c6 7. O-O Nbd7 8. b3 b6 9. Nd2 b5 ({RR} 9... Ba6 10. e4 dxc4 11. Nxc4 Bxc4 12. bxc4 e5 13. d5 Qc7 14. Bd2 Rac8 15. Qe2 Bc5 16. Rac1 Ne8 17. Bh3 Rd8 18. Bg5 Ndf6 19. Kh1 h6 20. Bd2 Nd6 21. f3 Nd7 22. Rfd1 Rfe8 23. Be1 Bd4 24. dxc6 {Dominguez Perez,L (2732)-Wang,H (2717) Huaian 2016 ½-½ (42)}) ({RR} 9... Ba6 10. a4 Rc8 11. Bb2 Bb4 12. e4 dxc4 13. Nxc4 Bxc4 14. bxc4 e5 15. Ne2 Qe7 16. Qc2 Rfe8 17. dxe5 Nxe5 18. Nd4 Bc5 19. Nf5 Qe6 20. Rac1 Rcd8 21. Ba1 g6 22. Nh4 Ba3 23. Rcd1 Be7 24. Nf3 {Miton,K (2568)-Kozak,A (2442) chess.com INT 2024 0-1 (36)}) 10. cxb5 $146 ({RR} 10. e4 bxc4 11. bxc4 Ba6 12. e5 Ne8 13. Re1 dxc4 14. Qa4 Nc7 15. Nxc4 Bb5 16. Qb3 Bxc4 17. Qxc4 Nd5 18. Ne4 Rc8 19. Bd2 {½-½ (19) Wells,P (2494)-Ginsburg,G (2511) Lausanne 2004}) 10... cxb5 11. Nxb5 Qb6 12. Nc3 Qxd4 13. Bb2 Qb6 14. e4 Ba6 15. Na4 Qa5 16. Bc3 Bb4 17. Bxb4 Qxb4 18. Re1 Ne5 19. exd5 Nd3 20. dxe6 Nxf2 21. Qf3 N2g4 22. exf7+ Kxf7 23. Qf4 Qxf4 24. gxf4 Rac8 25. Nf3 Nh5 26. Bh3 Ngf6 27. Ne5+ Kg8 28. Be6+ Kh8 29. Bxc8 Bxc8 30. Rf1 Nd5 31. Rac1 Nhxf4 32. Nc5 Ne2+ 33. Kh1 Ndf4 34. Rce1 Re8 35. Ned3 g5 36. Nxf4 gxf4 37. Rf2 f3 38. Rxf3 Ng3+ 39. hxg3 Rxe1+ 40. Kg2 Rc1 41. Rf8+ Kg7 42. Rxc8 Rc2+ 43. Kf3 Rxa2 44. Rc7+ Kg6 45. Ne4 Ra3 46. Kf4 Rxb3 47. Rxa7 Rb1 48. Ra6+ Kg7 49. g4 Rf1+ 50. Ke5 h6 51. Ng3 Re1+ 52. Kf4 Kh7 53. Nf5 Rf1+ 54. Kg3 Rh1 55. Kg2 Rc1 56. Rxh6+ Kg8 57. Ra6 Kf7 58. Kg3 Rf1 59. Kh4 Rg1 60. Kg5 Ke8 61. Ra7 Kf8 62. Kh5 Rf1 63. Kg6 Ke8 64. g5 Rb1 65. Ng7+ Kd8 66. Kf6 Rf1+ 67. Nf5 Ra1 68. Rxa1 1-0

[Event "Titled Tue 9th Jan Late"]
[Site "chess.com INT"]
[Date "2024.01.09"]
[Round "6"]
[White "Sarana, A."]
[Black "Pichot, A."]
[Result "1-0"]
[WhiteElo "2695"]
[BlackElo "2644"]
[PlyCount "57"]
[EventDate "2024.01.09"]

1. d4 d5 2. c4 e6 3. Nc3 a6 4. cxd5 exd5 5. Nf3 Nf6 6. Bg5 Be6 7. Qb3 Nbd7 8. e3 b5 9. Qc2 h6 10. Bh4 c5 11. dxc5 Bxc5 12. Bd3 Rc8 13. O-O b4 $146 ({RR} 13... O-O 14. Qb1 g5 15. Bg3 Nh5 16. Ne2 Nxg3 17. hxg3 Qf6 18. a4 Ne5 19. Nxe5 Qxe5 20. axb5 axb5 21. b4 Bb6 22. Ra6 Rb8 23. Qa1 Qxa1 24. Rfxa1 d4 25. Nxd4 Bxd4 26. exd4 Rfd8 27. Rd1 Kg7 28. Be4 {Gelfand,B (2728)-Mamedyarov,S (2800) Geneva 2017 ½-½ (39)}) 14. Na4 Bxe3 15. Qe2 Bf4 16. Bxa6 Ra8 17. Bb5 O-O 18. Nd4 Re8 19. Qf3 g5 20. Bg3 Bg4 21. Qb3 Qb8 22. Qxb4 Re4 23. Nc3 Re8 24. Nc6 Qc7 25. Ne7+ Rxe7 26. Qxe7 Re8 27. Nxd5 Rxe7 28. Nxc7 Nc5 29. Na6 1-0

[Event "Titled Tue 24th Oct Early"]
[Site "chess.com INT"]
[Date "2023.10.24"]
[Round "10"]
[White "Erigaisi, Arjun"]
[Black "Nihal, Sarin"]
[Result "1/2-1/2"]
[WhiteElo "2712"]
[BlackElo "2694"]
[PlyCount "117"]
[EventDate "2023.10.24"]

1. c4 a6 2. Nc3 e6 3. d4 d5 4. cxd5 exd5 5. Bf4 Nf6 6. e3 Bf5 7. Bd3 Bxd3 ({RR} 7... Bg6 8. Nge2 Nbd7 9. Bxg6 hxg6 10. Qb3 Nb6 11. Bg5 Bd6 12. h4 c6 13. e4 Be7 14. exd5 Nfxd5 15. Nxd5 Nxd5 16. Bxe7 Qxe7 17. O-O-O O-O-O 18. Nc3 Rxh4 19. Rhe1 Qg5+ 20. Kb1 Nxc3+ 21. bxc3 Rf4 22. Re5 {Paredes Santana,J (1534)-Gonzalez Gonzalez,A (1741) Temuco CHI 2026 0-1}) 8. Qxd3 Be7 9. h3 O-O $146 ({RR} 9... c6 10. Nf3 Nbd7 11. O-O O-O 12. Rfe1 Re8 13. Ne5 Nxe5 14. Bxe5 Bd6 15. f4 Qe7 16. Rac1 Bb4 17. f5 Ne4 18. Rf1 Bxc3 19. bxc3 f6 20. Bh2 b5 21. Qc2 Qa3 22. Rfe1 a5 23. h4 a4 24. Bf4 {Velim,V (2059)-Nurakyn,S (1868) Almaty KAZ 2025 ½-½ (34)}) 10. Nf3 Nbd7 11. g4 c6 12. O-O-O Re8 13. Ne5 Bb4 14. Kb1 Nxe5 15. Bxe5 Bxc3 16. Qxc3 Ne4 17. Qc2 Nd6 18. h4 Nc4 19. Bf4 a5 20. h5 Ra6 21. Ka1 a4 22. g5 Re6 23. Rhe1 Qa5 24. e4 Rb6 25. Bc1 Qb5 26. e5 c5 27. dxc5 Rbc6 28. Rxd5 Rxc5 29. Rd8+ Re8 30. Red1 Rcxe5 31. f4 R5e7 32. g6 fxg6 33. hxg6 hxg6 34. Qxg6 Qc6 35. Qh5 a3 36. bxa3 Ne3 37. Rxe8+ Rxe8 38. Bxe3 Qc3+ 39. Kb1 Qxe3 40. Qd5+ Re6 41. f5 Qe4+ 42. Qxe4 Rxe4 43. Rd7 Re5 44. Rxb7 Rxf5 45. a4 Ra5 46. Rb4 Kf7 47. Kb2 Ke6 48. Kb3 Kd6 49. Rb5 Ra7 50. Rg5 Kc6 51. a5 Rc7 52. Kb4 Kb7 53. Kb5 Ka7 54. a6 Re7 55. a4 Rf7 56. Ka5 Re7 57. Kb5 Rf7 58. Ka5 Re7 59. Kb5 1/2-1/2

[Event "Chessable Masters Play-In"]
[Site "chess.com INT"]
[Date "2024.01.31"]
[Round "7"]
[White "Santos Latasa, J."]
[Black "Anton Guijarro, D."]
[Result "0-1"]
[WhiteElo "2615"]
[BlackElo "2670"]
[PlyCount "144"]
[EventDate "2024.01.31"]

1. d4 d5 2. c4 e6 3. Nc3 Bb4 4. cxd5 exd5 5. Bf4 c5 6. dxc5 Nf6 7. e3 O-O 8. Bd3 Bxc3+ 9. bxc3 Nbd7 10. Bd6 Re8 11. Ne2 Qa5 12. a4 Nxc5 13. Bb5 Ncd7 14. O-O a6 15. Bd3 $146 ({RR} 15. Bxd7 Bxd7 16. Bb4 Qc7 17. a5 Bb5 18. Re1 Ng4 19. Nf4 Nf6 20. Nxd5 Nxd5 21. Qxd5 Rad8 22. Qc5 Qd7 23. h3 Bc6 24. Qg5 h6 25. Qg3 Re6 26. Qg4 Qe8 27. f3 Rxe3 28. Qg3 Rd2 29. Bc5 Ree2 {Vakhidov,J (2506)-Bluebaum,M (2695) chess.com INT 2026 ½-½ (56)}) 15... Nc5 16. Bxc5 Qxc5 17. Qb3 Bd7 18. Rfc1 Ng4 19. Nd4 Qc7 20. Nf3 Ne5 21. Nxe5 Rxe5 22. c4 dxc4 23. Qxc4 Qxc4 24. Rxc4 Bc6 25. Rd4 Kf8 26. Rb1 Ke7 27. Kf1 Rd8 28. Rxd8 Kxd8 29. Rb4 Ra5 30. Bc2 Ke7 31. g3 b5 32. axb5 axb5 33. Ke2 Ra2 34. Kd2 Kd6 35. Kc3 Kc5 36. Bxh7 Rxf2 37. Be4 Bxe4 38. Rxe4 Rxh2 39. Re5+ Kc6 40. Re7 Rf2 41. g4 g5 42. e4 Rf4 43. Kd4 b4 44. Re5 b3 45. Rc5+ Kb6 46. Rc3 b2 47. Rb3+ Kc6 48. Rxb2 Rxg4 49. Ke3 Kd6 50. Rb6+ Ke5 51. Rb5+ Kf6 52. Rf5+ Kg6 53. Kf3 Rg1 54. Ra5 Rf1+ 55. Kg3 Rf4 56. Ra4 Kh5 57. Ra7 Kg6 58. e5 Re4 59. Re7 Re3+ 60. Kg4 Ra3 61. Rb7 Ra4+ 62. Kg3 Ra6 63. Kf3 Re6 64. Kf2 Rxe5 65. Kg3 f5 66. Rb4 Re3+ 67. Kf2 Ra3 68. Rc4 g4 69. Kg2 Kg5 70. Rb4 f4 71. Rc4 Ra2+ 72. Kg1 g3 0-1

[Event "Chessable Masters Div 2 L"]
[Site "chess.com INT"]
[Date "2024.02.04"]
[Round "2.2"]
[White "Xiong, Jeffery"]
[Black "Anton Guijarro, D."]
[Result "1-0"]
[WhiteElo "2659"]
[BlackElo "2672"]
[PlyCount "103"]
[EventDate "2024.02.03"]
[EventType "k.o."]

1. d4 d5 2. c4 e6 3. Nc3 Bb4 4. Nf3 dxc4 5. Qa4+ Nc6 6. a3 Bxc3+ 7. bxc3 Qd5 8. Bf4 Nf6 9. e3 b5 10. Qc2 Bb7 11. Be2 $146 ({RR} 11. Ne5 Nxe5 12. Bxe5 c5 13. f3 cxd4 14. cxd4 O-O 15. e4 Qd8 16. Qb2 Nh5 17. Qxb5 f6 18. Bxc4 fxe5 19. Qxe5 Nf4 20. O-O Kh8 21. Rfd1 Rc8 22. Rab1 Bxe4 23. Bxe6 Bxb1 24. Bxc8 Bc2 {0-1 (24) Blackburn,J (2258)-Camacho Collados,J (2348) Cardiff WLS 2026}) 11... Na5 12. Bxc7 Nb3 13. Ra2 O-O 14. O-O Ne4 15. Rd1 Qf5 16. Bf4 h6 17. Qb2 f6 18. Bg3 e5 19. a4 a6 20. Ra3 Kh8 21. Nh4 Qg5 22. f4 exf4 23. exf4 Qd5 24. Ng6+ Kh7 25. Nxf8+ Rxf8 26. Bf3 f5 27. axb5 axb5 28. Ra7 Rf7 29. Re1 Bc6 30. Bxe4 fxe4 31. Rxf7 Qxf7 32. f5 Qxf5 33. Qf2 Qxf2+ 34. Kxf2 b4 35. cxb4 c3 36. d5 Bxd5 37. Bf4 g5 38. Be3 c2 39. b5 Kg6 40. b6 Kf5 41. h4 gxh4 42. Rh1 Ke6 43. Bxh6 Kd7 44. Be3 Kc6 45. Rxh4 c1=Q 46. Bxc1 Nxc1 47. Ke3 Kxb6 48. Rxe4 Bxe4 49. Kxe4 Kc7 50. g4 Kd7 51. g5 Ke7 52. g6 1-0

[Event "FIDE Grand Swiss 2023"]
[Site "Douglas IOM"]
[Date "2023.10.25"]
[Round "1.10"]
[White "Duda, J."]
[Black "Idani, P."]
[Result "1-0"]
[WhiteElo "2726"]
[BlackElo "2633"]
[PlyCount "63"]
[EventDate "2023.10.25"]

1. c4 e6 2. Nc3 d5 3. d4 h6 4. Nf3 Nf6 5. Bf4 Bd6 6. Bxd6 Qxd6 7. c5 Qe7 8. e3 O-O 9. b4 c6 10. Be2 a6 11. O-O Nbd7 12. a4 e5 13. Qc2 e4 ({RR} 13... Nh7 14. b5 axb5 15. axb5 Rxa1 16. Rxa1 Ng5 17. Nxg5 Qxg5 18. bxc6 bxc6 19. Ba6 exd4 20. exd4 Qf4 21. Ne2 Qf6 22. Qc3 Bxa6 23. Rxa6 Re8 24. Qd3 Nf8 25. g3 Ng6 26. Nc3 Qe6 27. Ra2 Qh3 28. Re2 {Marabajan Navas,S (2058)-Fernandez Hernandez,A (2320) Barcelona ESP 2026 0-1 (37)}) 14. Nd2 Nh7 15. b5 f5 $146 ({RR} 15... Qh4 16. bxc6 bxc6 17. f3 exf3 18. Nxf3 Qd8 19. e4 dxe4 20. Nxe4 Ndf6 21. Nd6 Ne8 22. Nxc8 Qxc8 23. Ne5 Nhf6 24. Bf3 Nd5 25. Bxd5 cxd5 26. Rab1 Nf6 27. Qf5 Qxf5 28. Rxf5 a5 29. Nc6 Rfe8 30. Re5 {Beydullayeva,G (2390)-Basso,P (2561) Novi Sad 2022 ½-½ (60)}) 16. Nb3 a5 17. Qd2 g5 18. Nxa5 Rxa5 19. Nxd5 cxd5 20. Qxa5 Ndf6 21. Qb6 f4 22. a5 f3 23. gxf3 Bh3 24. a6 exf3 25. Bxf3 bxa6 26. bxa6 g4 27. Qb7 Qe6 28. Bh1 Ng5 29. a7 Nf3+ 30. Bxf3 gxf3 31. Qb8 Bxf1 32. a8=Q 1-0

[Event "Titled Tue 2nd Jan Early"]
[Site "chess.com INT"]
[Date "2024.01.02"]
[Round "5"]
[White "Sadhwani, Raunak"]
[Black "Svane, R."]
[Result "1/2-1/2"]
[WhiteElo "2654"]
[BlackElo "2637"]
[PlyCount "71"]
[EventDate "2024.01.02"]

1. c4 e6 2. Nc3 d5 3. d4 a6 4. cxd5 exd5 5. Nf3 Nf6 6. Bg5 Be6 7. e3 Nbd7 8. Bd3 Bd6 9. Bf4 Bxf4 10. exf4 Bg4 11. O-O O-O 12. h3 Bxf3 13. Qxf3 c6 14. Rad1 Qb6 $146 ({RR} 14... Re8 15. b3 Qe7 16. g4 Nf8 17. f5 Qb4 18. Ne2 Ne4 19. Qf4 Qd6 20. Qxd6 Nxd6 21. Nf4 Nb5 22. Bxb5 axb5 23. Rd2 Re4 24. Ng2 Nd7 25. f3 Ree8 26. Kf2 Ra3 27. Rc1 g6 28. fxg6 fxg6 29. Rcc2 {Niedbala,B (2379)-Schoppen,C (2496) Chess.com INT 2020 0-1 (59)}) 15. Rd2 Rfe8 16. g4 g6 17. Bb1 Re7 18. g5 Nh5 19. f5 Rae8 20. f6 Re1 21. Ne2 Rxf1+ 22. Kxf1 Qc7 23. Kg1 Nf8 24. Bf5 Nxf6 25. gxf6 gxf5 26. Qxf5 Ng6 27. Kf1 Re6 28. Rd3 Qd8 29. Rf3 Qe8 30. Re3 Rxe3 31. fxe3 Qxe3 32. Qc8+ Nf8 33. Qg4+ Ng6 34. Qc8+ Nf8 35. Qg4+ Ng6 36. Qc8+ 1/2-1/2

[Event "Bundesliga 2023-24"]
[Site "Viernheim GER"]
[Date "2023.10.21"]
[Round "1.3"]
[White "L'Ami, E."]
[Black "Anton Guijarro, D."]
[Result "1/2-1/2"]
[WhiteElo "2627"]
[BlackElo "2653"]
[PlyCount "47"]
[EventDate "2023.10.21"]
[WhiteTeam "SG Solingen"]
[BlackTeam "SC Viernheim"]

1. d4 d5 2. c4 e6 3. Nc3 c6 4. Nf3 dxc4 5. e3 b5 6. a4 Bb4 7. Bd2 a5 8. axb5 Bxc3 9. Bxc3 cxb5 10. b3 Bb7 11. bxc4 b4 12. Bb2 Nf6 13. Bd3 O-O 14. Nd2 Qc7 15. O-O a4 16. d5 b3 17. Bxf6 gxf6 18. Qg4+ $146 ({RR} 18. Qh5 f5 19. Nf3 f6 20. Nd4 exd5 21. Qxf5 Qd7 22. Ne6 Nc6 23. cxd5 Ne5 24. Nc5 Qxf5 25. Bxf5 Bc8 26. Bxc8 Rfxc8 27. Rxa4 b2 28. Rb4 Rab8 29. Nb7 Rc2 30. Rb5 Nc4 31. d6 Nd2 32. d7 Rc1 {Sevian,S (2698)-Erigaisi,A (2712) Douglas IOM 2023 0-1 (32)}) 18... Kh8 19. Qh4 f5 20. Qf6+ Kg8 21. Qg5+ Kh8 22. Qf6+ Kg8 23. Qg5+ Kh8 24. Qf6+ 1/2-1/2

[Event "FIDE Grand Swiss 2023"]
[Site "Douglas IOM"]
[Date "2023.11.04"]
[Round "10.5"]
[White "Sevian, Samuel"]
[Black "Erigaisi, Arjun"]
[Result "0-1"]
[WhiteElo "2698"]
[BlackElo "2712"]
[PlyCount "64"]
[EventDate "2023.10.25"]

1. d4 d5 2. c4 e6 3. Nc3 c6 4. Nf3 dxc4 5. e3 b5 6. a4 Bb4 7. Bd2 a5 8. axb5 Bxc3 9. Bxc3 cxb5 10. b3 Bb7 11. bxc4 b4 12. Bb2 Nf6 13. Bd3 O-O 14. O-O Qc7 15. Nd2 a4 16. d5 b3 17. Bxf6 gxf6 18. Qh5 f5 19. Nf3 $146 ({RR} 19. Qg5+ Kh8 20. Qf6+ Kg8 21. Qg5+ Kh8 22. Qf6+ Kg8 23. Qg5+ Kh8 24. Qf6+ {½-½ (24) Delgerdalai,B (2376)-Sengupta,D (2479) Stockholm SWE 2026}) 19... f6 20. Nd4 exd5 21. Qxf5 Qd7 22. Ne6 Nc6 23. cxd5 Ne5 24. Nc5 Qxf5 25. Bxf5 Bc8 26. Bxc8 Rfxc8 27. Rxa4 b2 28. Rb4 Rab8 29. Nb7 Rc2 30. Rb5 Nc4 31. d6 Nd2 32. d7 Rc1 0-1

[Event "FIDE Grand Swiss 2023"]
[Site "Douglas IOM"]
[Date "2023.10.29"]
[Round "5.11"]
[White "Duda, J."]
[Black "Bartel, Mat"]
[Result "1/2-1/2"]
[WhiteElo "2726"]
[BlackElo "2651"]
[PlyCount "222"]
[EventDate "2023.10.25"]

1. d4 d5 2. c4 e6 3. Nc3 c6 4. Nf3 dxc4 5. a4 Bb4 6. e3 b5 7. Bd2 a5 8. axb5 Bxc3 9. Bxc3 cxb5 10. b3 Bb7 11. bxc4 b4 12. Bb2 Nf6 13. Bd3 O-O 14. O-O Nbd7 15. Nd2 Qc7 16. Bc2 Rfb8 $146 ({RR} 16... Nb6 17. Rc1 a4 18. c5 Qc6 19. e4 a3 20. Ba1 Nbd7 21. Re1 Rfe8 22. Nb3 Red8 23. d5 exd5 24. e5 Ne8 25. Nd4 Qxc5 26. Bxh7+ Kxh7 27. Rxc5 Nxc5 28. Qc2+ {1-0 (28) Ronka,E (2183)-Verhelst,J (2042) Pune 2014}) ({RR} 16... Rfc8 17. c5 Rd8 18. Ba4 e5 19. Rc1 Bd5 20. Re1 exd4 21. exd4 Nf8 22. Nc4 Bc6 23. Nd6 Bxa4 24. Qxa4 Ne6 25. Ra1 h6 26. h3 Nd5 27. Re5 Ndf4 28. Re3 Rxd6 29. cxd6 Qxd6 30. Qb5 Qd5 31. Qf1 {Smirnov,P (2584)-Nabaty,T (2644) Yerevan 2016 0-1 (53)}) ({RR} 16... Rfd8 17. Re1 h6 18. f3 e5 19. Bf5 exd4 20. exd4 Nb6 21. Bd3 Nh5 22. d5 Nxd5 23. cxd5 Rxd5 24. Nb3 Rad8 25. Nd4 Nf4 26. Be4 Rg5 27. g3 Nh5 28. Qc2 Qb8 29. Bxb7 Nxg3 30. Bc6 b3 31. Nxb3 {Ivanchuk,V (2621)-Terkiewicz,B (2341) San Vicente ESP 2026 1-0 (64)}) 17. h3 Bc6 18. e4 b3 19. Bb1 e5 20. d5 Bb7 21. f4 a4 22. Qf3 Re8 23. Ra3 Ra6 24. Qf2 exf4 25. Qxf4 Qxf4 26. Rxf4 Nc5 27. Kf2 Nfd7 28. Bd4 f6 29. Ke3 Raa8 30. Bd3 Kf7 31. Rf1 Ke7 32. Bc3 Kd6 33. Bb4 Reb8 34. e5+ Kc7 35. Bxh7 fxe5 36. Bf5 Bc8 37. Bc3 Kd6 38. Nf3 Ba6 39. Bxd7 Bxc4 40. Bxe5+ Kxd7 41. Rc1 b2 42. Bxb2 Rxb2 43. Ne5+ Ke7 44. Nxc4 Rxg2 45. d6+ Kf6 46. Rf1+ Kg6 47. Kd4 Nb3+ 48. Kd5 Rg5+ 49. Ne5+ Kh7 50. d7 Ra5+ 51. Kd6 Raxe5 52. d8=Q Rd5+ 53. Kc7 Rxd8 54. Kxd8 Rd5+ 55. Ke7 Rd4 56. Ra2 Nc5 57. Rf5 Ne4 58. Rf4 Rb4 59. Kd8 Rd4+ 60. Ke7 Rb4 61. Rg4 Kh6 62. Rag2 g5 63. Ke6 a3 64. Ra2 Rb6+ 65. Ke5 Nf6 66. Rg3 Nh5 67. Rgxa3 Nf4 68. Ra8 Kh5 69. R2a3 Rb5+ 70. Kd4 Rb6 71. Rg8 Rg6 72. Rb8 Re6 73. Kc5 Re5+ 74. Kd6 Re6+ 75. Kd7 Rh6 76. Ke7 Kh4 77. Rb4 Rh7+ 78. Kf6 Rh6+ 79. Kf5 Rh8 80. Rbb3 Rf8+ 81. Ke5 Ng6+ 82. Kd6 Nf4 83. Rg3 Rf5 84. Ke7 Kh5 85. Ra8 Ng6+ 86. Ke6 Rb5 87. Ra7 Nf4+ 88. Kd6 Rb6+ 89. Kc5 Rb8 90. Rh7+ Kg6 91. Rh4 Rf8 92. Kc4 Ne2 93. Rgg4 Rf4+ 94. Kd3 Rxg4 95. Rxg4 Nf4+ 96. Ke3 Nxh3 97. Rg2 Nf4 98. Ra2 Kf5 99. Kf3 Nh5 100. Ra5+ Kg6 101. Ra8 Nf6 102. Kg2 Kf5 103. Ra1 Kg4 104. Rg1 Nh5 105. Kf1+ Kf5 106. Kf2 Nf6 107. Kf3 Kg6 108. Rg2 Kf5 109. Ke3 Nd5+ 110. Kd4 Nf4 111. Rxg5+ Kxg5 1/2-1/2